[Event "WchT Seniors 50"]
[Site "Prague"]
[Date "2020.03.12"]
[Round "7.2"]
[White "Feierfeil, Jiri"]
[Black "Muzzafar, Ahmad"]
[Result "1/2-1/2"]
[WhiteElo "1721"]
[BlackElo "1815"]
[PlyCount "70"]
[EventDate "2020.03.06"]
[EventType "team-swiss"]
[EventRounds "7"]
[EventCountry "CZE"]
[SourceTitle "CBM 195 Extra"]
[Source "ChessBase"]
[SourceDate "2020.05.31"]
[SourceVersion "1"]
[SourceVersionDate "2020.05.31"]
[SourceQuality "1"]
[WhiteTeam "Czech Republic 50 XVI"]
[BlackTeam "Malaysia 50"]
[WhiteTeamCountry "CZE"]
[BlackTeamCountry "MAS"]

1. d4 Nf6 2. c4 g6 3. Nc3 Bg7 4. e4 d6 5. f3 a6 6. Be3 c6 7. a4 a5 8. Bd3 Na6 9. Nge2 Nb4 10. Bb1 0-0 11. 0-0 Qc7 12. b3 e5 13. Qd2 Nd7 14. d5 Nc5 15. Nc1 f5 16. N3a2 Nxa2 17. Rxa2 fxe4 18. Bxe4 Nxe4 19. fxe4 Rxf1+ 20. Kxf1 Bg4 21. h3 Rf8+ 22. Kg1 Bc8 23. Qd1 Qe7 24. Rf2 Rxf2 25. Bxf2 Bh6 26. Nd3 c5 27. Qe1 b6 28. Bh4 Bg5 29. Bxg5 Qxg5 30. Kh2 Kg7 31. Qf2 h5 32. Qe1 Qf6 33. Qf2 Qg5 34. Qe1 Qf6 35. Qf2 Qg5 1/2-1/2

[Event "WchT Seniors 50"]
[Site "Prague"]
[Date "2020.03.11"]
[Round "6.2"]
[White "Muzzafar, Ahmad"]
[Black "Schroeter, Reinhard"]
[Result "1-0"]
[WhiteElo "1815"]
[BlackElo "1738"]
[PlyCount "67"]
[EventDate "2020.03.06"]
[EventType "team-swiss"]
[EventRounds "7"]
[EventCountry "CZE"]
[SourceTitle "CBM 195 Extra"]
[Source "ChessBase"]
[SourceDate "2020.05.31"]
[SourceVersion "1"]
[SourceVersionDate "2020.05.31"]
[SourceQuality "1"]
[WhiteTeam "Malaysia 50"]
[BlackTeam "Germany 50 XI"]
[WhiteTeamCountry "MAS"]
[BlackTeamCountry "GER"]

1. e4 c5 2. d4 cxd4 3. c3 Nc6 4. Nf3 d6 5. Bc4 e6 6. cxd4 Nf6 7. Nc3 Be7 8. Qe2 0-0 9. 0-0 a6 10. e5 dxe5 11. dxe5 Nd5 12. Ne4 Qc7 13. Ng3 Rd8 14. Bd3 h6 15. Qe4 f5 16. exf6 Nxf6 17. Qg6 Ne5 18. Nxe5 Qxe5 19. Bxh6 Bf8 20. Rad1 Bd7 21. Ne4 Nd5 22. Ng5 Nf6 23. Nh7 Nd5 24. Nxf8 Kxf8 25. Rfe1 Qf6 26. Bg5 Qxg6 27. Bxg6 Rdc8 28. h4 Rc7 29. h5 Ne7 30. Bf4 Rc4 31. Bd6 Rac8 32. b3 R4c6 33. Re3 Rc3 34. Re4 1-0

[Event "Wch Seniors 50 29th"]
[Site "Bucharest"]
[Date "2019.11.20"]
[Round "8"]
[White "Muzzafar, Ahmad"]
[Black "Heid, Michael"]
[Result "0-1"]
[WhiteElo "1803"]
[BlackElo "1927"]
[PlyCount "60"]
[EventDate "2019.11.12"]
[EventType "swiss"]
[EventRounds "11"]
[EventCountry "ROU"]
[SourceTitle "CBM 193 Extra"]
[Source "ChessBase"]
[SourceDate "2020.01.31"]
[SourceVersion "1"]
[SourceVersionDate "2020.01.31"]
[SourceQuality "1"]

1. e4 g6 2. d4 Bg7 3. Nc3 d6 4. Nf3 a6 5. a4 Nf6 6. h3 b6 7. Be3 Bb7 8. Bc4 0-0 9. e5 Ne4 10. Nxe4 Bxe4 11. 0-0 dxe5 12. Nxe5 Bxe5 13. dxe5 Qxd1 14. Rfxd1 Bxc2 15. Rdc1 Be4 16. e6 f6 17. f3 Bb7 18. b4 Rc8 19. b5 Kg7 20. Kf2 Kf8 21. Rab1 Kg7 22. g4 Kf8 23. h4 axb5 24. axb5 c6 25. g5 cxb5 26. Bxb5 Ra2+ 27. Kg3 Ra3 28. Kf4 Nc6 29. Bxb6 Nd8 30. Rxc8 Rxf3+ 0-1

[Event "Wch Seniors 50 29th"]
[Site "Bucharest"]
[Date "2019.11.16"]
[Round "5"]
[White "Biro, Sandor"]
[Black "Muzzafar, Ahmad"]
[Result "1-0"]
[WhiteElo "2147"]
[BlackElo "1803"]
[PlyCount "47"]
[EventDate "2019.11.12"]
[EventType "swiss"]
[EventRounds "11"]
[EventCountry "ROU"]
[SourceTitle "CBM 193 Extra"]
[Source "ChessBase"]
[SourceDate "2020.01.31"]
[SourceVersion "1"]
[SourceVersionDate "2020.01.31"]
[SourceQuality "1"]

1. e4 c5 2. c3 d5 3. exd5 Nf6 4. Nf3 Nxd5 5. d4 e6 6. Bd3 cxd4 7. Nxd4 Bc5 8. 0-0 0-0 9. Re1 Bxd4 10. cxd4 Nc6 11. Nc3 Nce7 12. Qf3 Bd7 13. Bg5 f6 14. Bd2 Qb6 15. Rad1 Rac8 16. Ne4 Bb5 17. Bxb5 Qxb5 18. Nd6 Qxb2 19. Nxc8 Rxc8 20. Rxe6 Qxa2 21. Ree1 Qa6 22. Bb4 Nxb4 23. Rxe7 Qa4 24. Qg4 1-0

[Event "Pattaya op"]
[Site "Pattaya"]
[Date "2019.10.30"]
[Round "9"]
[White "Muzzafar, Ahmad"]
[Black "Laddha, Yash Jayesh"]
[Result "1/2-1/2"]
[WhiteElo "1781"]
[BlackElo "1989"]
[PlyCount "71"]
[EventDate "2019.10.23"]
[EventType "swiss"]
[EventRounds "9"]
[EventCountry "THA"]
[SourceTitle "CBM 195 Extra"]
[Source "ChessBase"]
[SourceDate "2020.05.31"]
[SourceVersion "1"]
[SourceVersionDate "2020.05.31"]
[SourceQuality "1"]

1. e4 c5 2. d4 cxd4 3. c3 dxc3 4. Nxc3 Nc6 5. Nf3 d6 6. Bc4 a6 7. 0-0 Nf6 8. Bf4 Bg4 9. h3 Bxf3 10. Qxf3 e6 11. Rfd1 Qc7 12. Rac1 Be7 13. Bb3 0-0 14. Nd5 exd5 15. exd5 Rac8 16. dxc6 bxc6 17. Qe2 a5 18. Ba4 Qb7 19. Bb3 d5 20. Be5 Rfe8 21. Qf3 Qa7 22. Bc2 Ne4 23. Bxe4 dxe4 24. Qg4 Bf8 25. Rd7 Qa6 26. Rc5 Re6 27. Qf5 Re7 28. Rxe7 Bxe7 29. Rxa5 Qxa5 30. Qxc8+ Qd8 31. Qxd8+ Bxd8 32. Kf1 f6 33. Bd4 Kf7 34. Ke2 Ke6 35. Ke3 Kd5 36. h4 1/2-1/2

[Event "Pattaya op"]
[Site "Pattaya"]
[Date "2019.10.27"]
[Round "6"]
[White "Muzzafar, Ahmad"]
[Black "Anahita, Verma"]
[Result "1/2-1/2"]
[WhiteElo "1781"]
[BlackElo "1349"]
[PlyCount "94"]
[EventDate "2019.10.23"]
[EventType "swiss"]
[EventRounds "9"]
[EventCountry "THA"]
[SourceTitle "CBM 195 Extra"]
[Source "ChessBase"]
[SourceDate "2020.05.31"]
[SourceVersion "1"]
[SourceVersionDate "2020.05.31"]
[SourceQuality "1"]

1. e4 e6 2. d4 d5 3. e5 c5 4. c3 Nc6 5. Nf3 Qb6 6. Bd3 Bd7 7. 0-0 cxd4 8. cxd4 Nxd4 9. Nbd2 Bc5 10. b4 Be7 11. Rb1 Nb5 12. Qb3 Rc8 13. Bb2 Qd8 14. a4 Nc7 15. b5 b6 16. Rfc1 Bg5 17. Nxg5 Qxg5 18. Nf3 Qd8 19. Ba3 Ne7 20. Qb4 d4 21. Qxd4 Ncd5 22. Nd2 0-0 23. Nc4 f6 24. Qh4 h6 25. Nd6 Rxc1+ 26. Rxc1 fxe5 27. Qe4 Nf6 28. Qxe5 Ng4 29. Qe4 Nf6 30. Qh4 Nfd5 31. Bb2 Nf5 32. Nxf5 exf5 33. Qd4 Nf6 34. Bc4+ Kh8 35. Rd1 Qe7 36. Qd6 Qxd6 37. Rxd6 Bc8 38. Bxf6 gxf6 39. f4 Kg7 40. Kf2 Re8 41. Bd5 Re7 42. h4 Rd7 43. Rxd7+ Bxd7 44. Ke3 Kf8 45. Kd4 Ke7 46. g3 Be6 47. Bxe6 Kxe6 1/2-1/2

[Event "Penang op 10th"]
[Site "Penang"]
[Date "2018.12.07"]
[Round "7"]
[White "Muzzafar, Ahmad"]
[Black "Nunbhakdi, Tawin Matthew"]
[Result "0-1"]
[WhiteElo "1785"]
[BlackElo "2072"]
[PlyCount "104"]
[EventDate "2018.12.03"]
[EventType "swiss"]
[EventRounds "9"]
[EventCountry "MAS"]
[SourceTitle "CBM 187 Extra"]
[Source "ChessBase"]
[SourceDate "2018.11.04"]
[SourceVersion "1"]
[SourceVersionDate "2018.11.04"]
[SourceQuality "1"]

1. e4 e6 2. d4 d5 3. e5 c5 4. c3 Nc6 5. Nf3 Qb6 6. Bd3 cxd4 7. cxd4 Bd7 8. 0-0 Nxd4 9. Nbd2 Nxf3+ 10. Nxf3 h6 11. b4 a6 12. Be3 Qd8 13. a3 Ne7 14. Nd4 Nc6 15. f4 g6 16. Nb3 d4 17. Bf2 Be7 18. Rc1 Rc8 19. Qg4 h5 20. Qe2 Bh4 21. Bxh4 Qxh4 22. Nc5 Rb8 23. Ne4 Qe7 24. Nd6+ Kf8 25. Be4 f5 26. Bf3 g5 27. Nxb7 Rxb7 28. Bxc6 Rb6 29. Bxd7 Qxd7 30. fxg5 Kg7 31. Rfd1 Rb5 32. Rc4 Rd5 33. Rd3 h4 34. Qc2 Kg6 35. Rc7 Qb5 36. Qc4 Rxe5 37. Qxd4 Re1+ 38. Kf2 Qe5 39. Qxe5 Rxe5 40. Rc6 Kxg5 41. Rxa6 Rc8 42. Rad6 Rc2+ 43. Rd2 Rc4 44. R6d4 Rc1 45. Re2 Rxe2+ 46. Kxe2 Rg1 47. b5 Rxg2+ 48. Kf1 Ra2 49. Ra4 h3 50. b6 Rxh2 51. b7 Rb2 52. Rb4 h2 0-1

[Event "Penang op 10th"]
[Site "Penang"]
[Date "2018.12.03"]
[Round "1"]
[White "Muzzafar, Ahmad"]
[Black "Chan, Marcus"]
[Result "0-1"]
[WhiteElo "1785"]
[BlackElo "2186"]
[PlyCount "68"]
[EventDate "2018.12.03"]
[EventType "swiss"]
[EventRounds "9"]
[EventCountry "MAS"]
[SourceTitle "CBM 187 Extra"]
[Source "ChessBase"]
[SourceDate "2018.11.04"]
[SourceVersion "1"]
[SourceVersionDate "2018.11.04"]
[SourceQuality "1"]

1. e4 c5 2. d4 cxd4 3. c3 Nf6 4. e5 Nd5 5. Nf3 Nc6 6. Bc4 Nb6 7. Bb3 d6 8. exd6 e6 9. cxd4 Bxd6 10. 0-0 0-0 11. Nc3 Nb4 12. Re1 N4d5 13. Bc2 Bd7 14. Qd3 g6 15. Bb3 Bc6 16. Bh6 Re8 17. Ne4 Bf4 18. Bxf4 Nxf4 19. Qd2 Bxe4 20. Rxe4 Nfd5 21. h4 Rc8 22. Rae1 Nc4 23. Qe2 Nf6 24. Rf4 Nd5 25. Re4 b5 26. Bxc4 bxc4 27. Re5 Nf4 28. Qd2 Nd3 29. h5 Nxe1 30. Rxe1 Qf6 31. Ne5 Red8 32. Re4 Rd5 33. Ng4 Qg5 34. Nh6+ Kg7 0-1

[Event "Pattaya op"]
[Site "Pattaya"]
[Date "2018.10.30"]
[Round "8"]
[White "Bronnum, Jan"]
[Black "Muzzafar, Ahmad"]
[Result "1/2-1/2"]
[WhiteElo "2080"]
[BlackElo "1816"]
[PlyCount "64"]
[EventDate "2018.10.24"]
[EventType "swiss"]
[EventRounds "9"]
[EventCountry "THA"]
[SourceTitle "CBM 187 Extra"]
[Source "ChessBase"]
[SourceDate "2018.11.04"]
[SourceVersion "1"]
[SourceVersionDate "2018.11.04"]
[SourceQuality "1"]

1. d4 Nf6 2. Bf4 g6 3. Nc3 c5 4. d5 Bg7 5. e4 d6 6. Be2 0-0 7. h4 b5 8. Bxb5 Nxe4 9. Nxe4 Qa5+ 10. Nc3 Bxc3+ 11. bxc3 Qxb5 12. h5 Ba6 13. Nf3 Nd7 14. Bh6 Nf6 15. Bxf8 Rxf8 16. hxg6 fxg6 17. Nd2 Qa5 18. Qf3 Qa4 19. c4 Qxc2 20. Qe2 Bc8 21. 0-0 Bf5 22. Rfc1 Qb2 23. f3 Nh5 24. Qe3 Bc2 25. Nf1 Qf6 26. a4 Nf4 27. Ra2 Bd3 28. Rd2 Qg5 29. Qe1 Rf5 30. Ng3 Re5 31. Ne4 Bxe4 32. fxe4 Qh6 1/2-1/2

[Event "Pattaya op"]
[Site "Pattaya"]
[Date "2018.10.24"]
[Round "1"]
[White "Muzzafar, Ahmad"]
[Black "Pourramezanali, Amirreza"]
[Result "0-1"]
[WhiteElo "1816"]
[BlackElo "2533"]
[PlyCount "60"]
[EventDate "2018.10.24"]
[EventType "swiss"]
[EventRounds "9"]
[EventCountry "THA"]
[SourceTitle "CBM 187 Extra"]
[Source "ChessBase"]
[SourceDate "2018.11.04"]
[SourceVersion "1"]
[SourceVersionDate "2018.11.04"]
[SourceQuality "1"]

1. e4 c5 2. d4 cxd4 3. c3 Nf6 4. e5 Nd5 5. Nf3 d6 6. cxd4 Nc6 7. Bc4 dxe5 8. dxe5 Ndb4 9. Qb3 e6 10. 0-0 Na5 11. Bb5+ Bd7 12. Qa4 Bxb5 13. Qxb5+ Nac6 14. Bg5 Be7 15. Bxe7 Qxe7 16. Nc3 0-0 17. Rfd1 Rfd8 18. a3 Nc2 19. Rac1 N2d4 20. Nxd4 Nxd4 21. Qf1 Qc5 22. Re1 h6 23. b4 Qb6 24. Ne4 a5 25. Rc4 axb4 26. Rxb4 Qa5 27. Rxb7 Qxe5 28. Ng3 Qd5 29. Reb1 Rxa3 30. Qc1 Rxg3 0-1

[Event "Bangkok Cha Am op 18th"]
[Site "Bangkog"]
[Date "2018.04.15"]
[Round "3"]
[White "Priyanka, K."]
[Black "Muzzafar, Ahmad"]
[Result "1/2-1/2"]
[WhiteElo "2057"]
[BlackElo "1858"]
[PlyCount "108"]
[EventDate "2018.04.13"]
[EventType "swiss"]
[EventRounds "9"]
[EventCountry "THA"]
[SourceTitle "CBM 184 Extra"]
[Source "ChessBase"]
[SourceDate "2018.06.28"]
[SourceVersion "1"]
[SourceVersionDate "2018.06.28"]
[SourceQuality "1"]

1. e4 c5 2. Nf3 d6 3. d4 cxd4 4. Nxd4 Nf6 5. Nc3 a6 6. Be2 e5 7. Nf3 Be7 8. Bg5 Nbd7 9. a4 Qc7 10. Nd2 b6 11. Nc4 Bb7 12. Ne3 Rc8 13. 0-0 h6 14. Bxf6 Nxf6 15. Ncd5 Nxd5 16. exd5 Bg5 17. Nc4 0-0 18. Ra3 b5 19. axb5 axb5 20. Na5 b4 21. Ra1 Ra8 22. Nxb7 Qxb7 23. Qd3 f5 24. Rxa8 Qxa8 25. Qb5 Qc8 26. Bc4 e4 27. Re1 Bf6 28. Ra1 Bxb2 29. Ra7 Qd8 30. Qxb4 Be5 31. Bf1 Qg5 32. Qe1 Qg6 33. Ra4 Rc8 34. Qe2 Qg5 35. g3 Qc1 36. Rc4 Ra8 37. Qh5 e3 38. fxe3 Qxe3+ 39. Kg2 f4 40. Qe2 Rf8 41. gxf4 Bxf4 42. Re4 Qc5 43. c4 Bxh2 44. Qe3 Qxe3 45. Rxe3 Be5 46. Bd3 Bd4 47. Re6 Rf6 48. Rxf6 Bxf6 49. Bg6 Kf8 50. Kf3 Bd4 51. Ke4 Bc5 52. Kf5 Ke7 53. Bh5 Bd4 54. Bg6 Bc5 1/2-1/2

[Event "Johor op 4th"]
[Site "Johor"]
[Date "2017.12.11"]
[Round "1"]
[White "Sammed Jaykumar, Shete"]
[Black "Muzzafar, Ahmad"]
[Result "1-0"]
[WhiteElo "2351"]
[BlackElo "1877"]
[PlyCount "97"]
[EventDate "2017.12.11"]
[EventType "swiss"]
[EventRounds "9"]
[EventCountry "MAS"]
[SourceTitle "CBM 182 Extra"]
[Source "ChessBase"]
[SourceDate "2018.02.23"]
[SourceVersion "1"]
[SourceVersionDate "2018.02.23"]
[SourceQuality "1"]

1. Nf3 Nf6 2. g3 g6 3. Bg2 Bg7 4. 0-0 0-0 5. d3 d6 6. c4 c6 7. Nc3 Qa5 8. h3 e5 9. Rb1 Qc7 10. e4 a5 11. Be3 Nbd7 12. a3 Nc5 13. b4 axb4 14. axb4 Ne6 15. Qd2 Nd7 16. Rfe1 f5 17. exf5 gxf5 18. Bh6 Rf7 19. Bxg7 Rxg7 20. d4 e4 21. Nh4 Rf7 22. d5 Ng7 23. dxc6 bxc6 24. Red1 Ne5 25. Qxd6 Be6 26. c5 Nd3 27. b5 Ra3 28. Qxc7 Rxc7 29. b6 Rb7 30. Nxe4 fxe4 31. Bxe4 Nxc5 32. Rd8+ Kf7 33. Bxc6 Re7 34. b7 Nxb7 35. Rxb7 Rxb7 36. Bxb7 Bxh3 37. Bd5+ Ke7 38. Rh8 h5 39. Rh7 Kf6 40. Rh6+ Ke5 41. Bf3 Bc8 42. Kg2 Ne6 43. Rxh5+ Kf6 44. Rh8 Ba6 45. Rh6+ Ke5 46. Ng6+ Kf5 47. Ne7+ Ke5 48. Nc6+ Kf5 49. g4+ 1-0

[Event "Penang op-A 9th"]
[Site "Penang"]
[Date "2017.12.08"]
[Round "7"]
[White "Manaog, Stewart"]
[Black "Muzzafar, Ahmad"]
[Result "1-0"]
[WhiteElo "2050"]
[BlackElo "1877"]
[PlyCount "44"]
[EventDate "2017.12.04"]
[EventType "swiss"]
[EventRounds "9"]
[EventCountry "MAS"]
[SourceTitle "CBM 182 Extra"]
[Source "ChessBase"]
[SourceDate "2018.02.23"]
[SourceVersion "1"]
[SourceVersionDate "2018.02.23"]
[SourceQuality "1"]

1. d4 g6 2. g3 Bg7 3. Bg2 d6 4. Nf3 Nf6 5. c4 0-0 6. Nc3 c6 7. Bd2 Na6 8. h3 Re8 9. 0-0 e5 10. d5 cxd5 11. cxd5 Bf5 12. Nh4 Bd7 13. e4 b5 14. a4 bxa4 15. Nxa4 Rb8 16. Be3 Bb5 17. Rc1 Re7 18. Nc3 Bc4 19. f4 Bxf1 20. Bxf1 Qc8 21. Qe2 Nc5 22. Bxc5 Qxc5+ 1-0

[Event "Penang op-A 9th"]
[Site "Penang"]
[Date "2017.12.05"]
[Round "3"]
[White "Gandhi, Anish"]
[Black "Muzzafar, Ahmad"]
[Result "0-1"]
[WhiteElo "2128"]
[BlackElo "1877"]
[PlyCount "70"]
[EventDate "2017.12.04"]
[EventType "swiss"]
[EventRounds "9"]
[EventCountry "MAS"]
[SourceTitle "CBM 182 Extra"]
[Source "ChessBase"]
[SourceDate "2018.02.23"]
[SourceVersion "1"]
[SourceVersionDate "2018.02.23"]
[SourceQuality "1"]

1. e4 c5 2. Nf3 d6 3. d4 cxd4 4. Nxd4 Nf6 5. Nc3 a6 6. h3 h5 7. Bg5 e6 8. f4 Qc7 9. Qf3 Nbd7 10. 0-0-0 b5 11. a3 Rb8 12. Bd3 Nc5 13. e5 Bb7 14. Qg3 Nxd3+ 15. Rxd3 dxe5 16. fxe5 Nd5 17. Nxd5 Bxd5 18. Nf5 b4 19. Nd6+ Bxd6 20. exd6 Qd7 21. Rxd5 exd5 22. Re1+ Kf8 23. Be7+ Kg8 24. Bf6 g6 25. axb4 Kh7 26. Re7 Qf5 27. Rxf7+ Kg8 28. Rg7+ Kf8 29. Bc3 Re8 30. Re7 Rh7 31. Rxh7 Qf1+ 32. Be1 Rxe1+ 33. Kd2 Qe2+ 34. Kc3 Qc4+ 35. Kd2 Re2+ 0-1

[Event "Penang op 8th"]
[Site "Penang"]
[Date "2016.12.07"]
[Round "4"]
[White "Goh, Sean Christian"]
[Black "Muzzafar, Ahmad"]
[Result "1-0"]
[WhiteElo "1921"]
[BlackElo "2122"]
[PlyCount "49"]
[EventDate "2016.12.05"]
[EventType "swiss"]
[EventRounds "9"]
[EventCountry "MAS"]
[SourceTitle "CBM 176 Extra"]
[Source "ChessBase"]
[SourceDate "2017.03.02"]
[SourceVersion "1"]
[SourceVersionDate "2017.03.02"]
[SourceQuality "1"]

1. d4 Nf6 2. Bg5 d5 3. e3 Nbd7 4. Nf3 g6 5. Bd3 Bg7 6. 0-0 0-0 7. Nbd2 c5 8. c3 b6 9. Ne5 Nxe5 10. dxe5 Ng4 11. Nf3 Nxe5 12. Nxe5 Bxe5 13. f4 Bg7 14. f5 Bb7 15. fxg6 hxg6 16. h4 d4 17. h5 Qd5 18. Qg4 dxc3 19. Rac1 Qc6 20. hxg6 f5 21. Bc4+ e6 22. Qh3 Qxg2+ 23. Qxg2 Bxg2 24. Bxe6+ Kh8 25. Kxg2 1-0